Το ταξίδι στην Ικαρία
Αποθηκεύτηκε σε:
| Κύριος συγγραφέας: | |
|---|---|
| Άλλοι συγγραφείς: | |
| Μορφή: | Βιβλίο |
| Γλώσσα: | Greek |
| Δημοσίευση: |
Αθήνα:
Εταιρεία Ικαριακών Μελετών,
[2010].
|
| Θέματα: | |
| Ετικέτες: |
Προσθήκη ετικέτας
Δεν υπάρχουν, Καταχωρήστε ετικέτα πρώτοι!
|
MARC
| LEADER | 00000cam a2200000 a 4500 | ||
|---|---|---|---|
| 001 | 1/122106 | ||
| 008 | 200921s2010####gr ||||||| |||| ||gre|| | ||
| 020 | |a 9789608869745 | ||
| 040 | |a GR-MyUa |b gre |c GR-MyUa |e AACR2 | ||
| 041 | 1 | |a gre | |
| 082 | 7 | |a 335 |2 (23) | |
| 100 | 1 | |a Cabet, Etienne, |d 1788-1856. | |
| 245 | 1 | 3 | |a Το ταξίδι στην Ικαρία / |c Ετιέν Καμπέ ; μετάφραση: Ηρώ Τσαρνά-Κόχυλα. |
| 260 | |a Αθήνα: |b Εταιρεία Ικαριακών Μελετών, |c [2010]. | ||
| 300 | |a 687 σ. ; |c 24 εκ. | ||
| 650 | 0 | |a Utopian socialism | |
| 650 | 0 | |a Icarian movement | |
| 650 | 0 | |a Utopias | |
| 700 | 1 | |a Τσαρνά, Ηρώ, |d 1947- |e trlf | |
| 852 | |a INST |b LESVOS |e 20200921 |h 335 CAB |p 005100062219 |q 005100062219 |t BK |y 0 | ||
| 920 | |a Χαραλαμπίδης |b Βασίλης |y Λέσβος |z 2015-03 | ||
| 970 | |a Δημάκη |b Μαρία |z 21-09-2020 | ||